LEADER 01500nam0 2200397 450 001 000020348 005 20071001130919.0 010 $a0-8240-8417-9 100 $a20070904d1987----km-y0itaa50------ba 101 0 $aeng$agrc 102 $aUS 200 1 $a<> School of Cyrus$eWilliam Barker?s 1567 translation Xenophon?s Cyropaedeia (The education of Cyrus)$fedited by James Tatum 210 $aNew York ; London$cGarland$d1987 215 $aIV, 210 p.$d21 cm 225 2 $a<> Renaissance imagination$v37 300 $aTraduzione dal greco in inglese di Cyropaedia 410 1$12001$a<> Renaissance imagination$v37 500 10$aCyropaedia$920290 600 0$aCiro$c 606 1 $aPersia$xStoria$zSec. 6. a. C. 676 $a883.01$v(21. ed.)$9Poesia epica e narrativa greca classica. Origini-499 ca. 700 0$aXenophon$075253 702 1$aBarker,$bWilliam 702 1$aTatum,$bJames 801 0$aIT$bUniversitą della Basilicata - B.I.A.$gRICA$2unimarc 912 $a000020348 996 $aCyropaedia$920290 997 $aUNIBAS BAS $aLETTERE CAT $aSTD042$b00$c20070904$lBAS01$h1522 CAT $aTTM$b30$c20070904$lBAS01$h1621 CAT $aTTM$b30$c20070904$lBAS01$h1625 CAT $aTTM$b30$c20070904$lBAS01$h1626 CAT $aTTM$b30$c20071001$lBAS01$h1309 FMT Z30 -1$lBAS01$LBAS01$mBOOK$1BASA1$APolo Storico-Umanistico$2DID$BDidattica$3DF/4473$64473$5F4473$820070904$f04$FPrestabile Didattica LEADER 01199nam1-22004211i-450 001 990007525110403321 005 20200325093522.0 010 $a88-464-2399-2 035 $a000752511 035 $aFED01000752511 035 $a(Aleph)000752511FED01 035 $a000752511 100 $a20030814d2000----km-y0itay50------ba 101 0 $aita 102 $aIT 105 $ay-------001yy 200 1 $aValutazione e decisione per uno sviluppo sostenibile$f[a cura di] Matelda Reho 210 $aMilano$cFranco Angeli$d©2000 215 $a196 p.$d22 cm 225 1 $aStudi urbani e regionali 610 0 $aSviluppo sostenibile 610 0 $aSostenibilitą 610 0 $aSistemi digitali 610 0 $aEconomia ambientale 702 1$aReho,$bMatelda 801 0$aIT$bUNINA$gRICA$2UNIMARC 901 $aBK 912 $a990007525110403321 952 $a048.003.REH$binv 2764$fDECGE 952 $a62$bDepa/9012$fDAGEA 952 $a2127 sez. Andriello$b2127$fDARPU 952 $aA-G 0575$bB.F.L.F.39361$fILFGE 959 $aDARPU 959 $aILFGE 959 $aDECGE 959 $aDAGEA 996 $aValutazione e decisione per uno sviluppo sostenibile$9684032 997 $aUNINA